The talented Mr Ripley Ripley under Ground Ripley's Game

Αποθηκεύτηκε σε:
Λεπτομέρειες βιβλιογραφικής εγγραφής
Κύριος συγγραφέας: Patricia highsmith
Μορφή: Βιβλίο
Γλώσσα:Undetermined
Έκδοση: London Everyman's Library 2000
Θέματα:
Ετικέτες: Προσθήκη ετικέτας
Δεν υπάρχουν, Καταχωρήστε ετικέτα πρώτοι!
Thư viện lưu trữ: Trung tâm Học liệu Trường Đại học Cần Thơ
LEADER 00482nam a2200169Ia 4500
001 CTU_47271
008 210402s9999 xx 000 0 und d
082 |a 823 
082 |b H638t 
100 |a Patricia highsmith 
245 4 |a The talented Mr Ripley Ripley under Ground Ripley's Game 
245 0 |c Patricia highsmith 
260 |a London 
260 |b Everyman's Library 
260 |c 2000 
650 |a ênglish fiction 
980 |a Trung tâm Học liệu Trường Đại học Cần Thơ